000 00760nam a2200241 u 4500
005 20240511063838.0
008 080609s2006 r 000 0 eng d
020 _a8477025576
035 _aUPN01000156665
049 _aI
050 4 _aPZ10.3
_bM5.8
100 1 _aMilne, A. A.
245 1 0 _aWinny de Puh ; El rincón de Puh /
_cA. A. Milne ; il. E. H. Shepard ; tr. Isabel Gortázar.
260 _aMadrid :
_bValdemar,
_c2006.
300 _a411 p. :
_bil. col.
440 3 _aEl Club Diógenes ;
_v242
534 _pTítulo original:
_tWinnie-the-Pooh
650 4 _aCuentos infantiles ingleses
_910002
650 0 _aAnimales
_vCuentos y leyendas
_9234
650 4 _aOsos
_vCuentos y leyendas
_910810
740 3 _aEl rincón de Puh
905 _aInfantil
999 _c128779
_d128779